[Event "SRB-chT Cup"]
[Site "Kragujevac"]
[Date "2012.05.19"]
[Round "6"]
[White "Zajic, Milan"]
[Black "Dedijer, Zarko"]
[Result "1-0"]
[WhiteElo "2141"]
[BlackElo "1998"]
[PlyCount "87"]
[EventDate "2012.05.14"]
[EventType "team-swiss"]
[EventRounds "7"]
[EventCountry "SRB"]
[SourceTitle "CBM 148 Extra"]
[Source "ChessBase"]
[SourceDate "2012.06.22"]
[SourceVersion "1"]
[SourceVersionDate "2012.06.22"]
[SourceQuality "1"]
[WhiteTeam "Paracin"]
[BlackTeam "Hercegovac Gajdobra"]
[WhiteTeamCountry "SRB"]
[BlackTeamCountry "SRB"]

1. e4 e6 2. d4 d5 3. Nd2 dxe4 4. Nxe4 Bd7 5. Nf3 Bc6 6. Ned2 Nd7 7. Bd3 Ngf6 8. 0-0 Be7 9. b3 b6 10. Bb2 Bb7 11. a3 c5 12. Qe2 Qc7 13. c4 cxd4 14. Nxd4 Qf4 15. Rae1 0-0 16. Bc2 Rad8 17. N4f3 Bd6 18. Bc1 Qg4 19. h3 Qh5 20. Qe3 Rfe8 21. b4 h6 22. Bb2 e5 23. Ne4 Bxe4 24. Bxe4 Nxe4 25. Qxe4 Re6 26. Rd1 Rg6 27. Kh1 f5 28. Qh4 Qxh4 29. Nxh4 Rf6 30. Rd5 Kf7 31. Rfd1 Ke7 32. Rxd6 Rxd6 33. Nxf5+ Ke6 34. Nxd6 Nf6 35. c5 bxc5 36. bxc5 Ne4 37. Re1 Nxf2+ 38. Kh2 Nd3 39. Re2 Rb8 40. Bxe5 Nxe5 41. Nc4 Kd5 42. Nxe5 Rb3 43. c6 Rxa3 44. Rc2 1-0

[Event "SRB-chT Cup"]
[Site "Kragujevac"]
[Date "2010.05.21"]
[Round "4"]
[White "Dedijer, Zarko"]
[Black "Pavlovic, Goran"]
[Result "0-1"]
[WhiteElo "1999"]
[BlackElo "2397"]
[PlyCount "82"]
[EventDate "2010.05.18"]
[EventType "team-tourn"]
[EventRounds "7"]
[EventCountry "YUG"]
[SourceTitle "CBM 136 Extra"]
[Source "ChessBase"]
[SourceDate "2010.07.02"]
[SourceVersion "2"]
[SourceVersionDate "2010.07.15"]
[SourceQuality "1"]

1. d4 Nf6 2. Nf3 g6 3. Bf4 Bg7 4. e3 0-0 5. Nbd2 d6 6. Be2 Nfd7 7. h3 e5 8. dxe5 dxe5 9. Bh2 Nc6 10. c3 Qe7 11. 0-0 b6 12. Bb5 Bb7 13. Qa4 a6 14. Be2 f5 15. Rfe1 Kh8 16. Rad1 g5 17. Kh1 h6 18. a3 e4 19. Nd4 Nce5 20. Qc2 c5 21. N4b3 Qf7 22. c4 Qg6 23. f4 exf3 24. Nxf3 Be4 25. Qd2 g4 26. Nxe5 Nxe5 27. Qd6 Qxd6 28. Rxd6 gxh3 29. Bxe5 Bxg2+ 30. Kg1 Bxe5 31. Rxh6+ Kg7 32. Re6 Bg3 33. Rd1 Be4 34. Rxe4 fxe4 35. Bg4 h2+ 36. Kg2 Rad8 37. Rh1 Be5 38. Be6 Rd3 39. Nc1 Rd2+ 40. Kh3 Rf3+ 41. Kh4 Rg2 0-1